| 000 | 00589nam a2200193 i 4500 | ||
|---|---|---|---|
| 001 | 58176 | ||
| 003 | ES-MaACL | ||
| 005 | 20230906163737.0 | ||
| 007 | t| | ||
| 008 | 031021s1960 sp ||||1| spa d | ||
| 100 | 1 |
_aDue Rojo, Antonio. _945872 |
|
| 245 | 1 | 0 |
_aVida y muerte del cosmos / _cpor Antonio Due Rojo. |
| 260 |
_aMadrid : _bRazón y Fé, _c[1960] |
||
| 300 |
_a187 p. ; _c19 cm. |
||
| 490 | 1 | _aBiblioteca razón y fe de cuestiones actuales | |
| 830 | 0 |
_aBiblioteca razón y fe de cuestiones actuales _9182379 |
|
| 852 |
_aES-MaACL _jC-19549 _bR.46388 |
||
| 999 |
_c58176 _d58176 |
||